00374 a2200109 4500040000600000082001200006100001900018245006500037260008200102300004200184500003800226 a0 aPGDIT-2 aMuhammad Asim. aTransport maintenance and management system cMuhammad Asim. aIslamabad :bNUST School of Electrical Engineering & Computer Science,c2003. av, 48 p. :bill. ;c27 cm. +eCD-ROM. aSupervisor : Dr. Adaidullah Anwar